zpět

Detail výsledku týmu

Pod Komínem, Šumperk

Datum a čas kvízu

36.5 Celkem bodů Celkový počet nahraných bodů na tomto kvízu bez doplňovacích otázek.
1. Pořadí na kvízu Konečné umístění týmu na tomto kvízu.

Zaznamenané odpovědi

# Otázka Odpověď Body Výsledky
1. Naše poslanecká sněmovna minul... 0
2. Jak se jmenuje nově zvolená př... 0
3. Slavný renesanční malíř zachyt... 0
4. Estonská společnost, nabízejíc... 1
5. Několik hráčů londýnského Arse... 1
6. Ve kterém severoevropském přís... 0
7. Jaltská konference byla jedním... 1
8. Casablanca je největším městem... 0
9. Jak se jmenuje černohorské pří... 1
10. V přístavním italském městě Sa... 0